Welcome to the Holygrace Academy Library

Please use search bar below to get started

RAMAYANA KATHA KUTTIKALKK (Record no. 6937)

MARC details
000 -LEADER
fixed length control field 00347nam a22001457a 4500
020 ## - INTERNATIONAL STANDARD BOOK NUMBER
ISBN 978-93-82116-81-3
082 ## - DEWEY DECIMAL CLASSIFICATION NUMBER
Classification number 823
Item number ELA/R
100 ## - MAIN ENTRY--AUTHOR NAME
Personal name ELAYATH, KUNJIKUTTAN
245 ## - TITLE STATEMENT
Title RAMAYANA KATHA KUTTIKALKK
260 ## - PUBLICATION, DISTRIBUTION, ETC. (IMPRINT)
Place of publication THRISSUR
Name of publisher H & C PUBLISHING HOUSE
Year of publication 2021
300 ## - PHYSICAL DESCRIPTION
Number of Pages 112
520 ## - SUMMARY, ETC.
Summary, etc SHORT STORY
650 ## - SUBJECT ADDED ENTRY--TOPICAL TERM
Topical Term RELIGIOUS STORY
942 ## - ADDED ENTRY ELEMENTS (KOHA)
Koha item type Books
Holdings
Withdrawn status Lost status Collection code Home library Current library Shelving location Date acquired Source of acquisition Cost, normal purchase price Full call number Accession Number Koha item type
    Fiction Main Library Main Library NEW SHELF WITH NEW ENTRY 10/10/2023 CONTRIBUTION 40.00 894.812.3 ELA/R 12970 Books